Sports Quiz

Random Sports or Football Quiz

Arsenal's last Quarter final squad Quiz Stats

 Plays Quiz not verified by Sporcle

Challenge
Share
Tweet
Embed
Score 0/18 Timer 04:00
0 Plays Today
Nationality Player % Correct
Czech RepublicRosicky
95.2%
FranceSagna
93.5%
DenmarkBendtner
93.5%
EnglandWalcott
92.9%
BelgiumVermaelen
91.1%
SpainAlmunia
89.9%
FranceClichy
85.1%
Ivory CoastEboue
77.6%
BrazilDenilson
76.8%
Nationality Player % Correct
PolandFabianski
71.2%
FranceNasri
69%
CroatiaEduardo
63.5%
FranceDiaby
62.5%
FranceSilvestre
38.7%
EnglandCampbell
25%
Senegal Traore
16.7%
SpainMerida
16.7%
EnglandEastmond
5.1%

You're not logged in!

Compare scores with friends on all Sporcle quizzes.
OR
Log In

You Might Also Like...

Show Comments

Extras

Top Quizzes Today


Score Distribution

Your Account Isn't Verified!

In order to create a playlist on Sporcle, you need to verify the email address you used during registration. Go to your Sporcle Settings to finish the process.

Report this User

Report this user for behavior that violates our Community Guidelines.

Details: